000 01928cam a22004694i 4500
003 PE-LiUPU
005 20250731165518.0
008 150623s1994 pe r 000 0 d
035 _a(Sirsi) a25374
040 _aPE-LiUPU
_bspa
_cPE-LiUPU
_erda
082 0 4 _a016.630 985
_bR715
_221
100 1 _aTorres Guevara, Juan,
_eautor.
245 1 0 _aConservación y uso de los recursos naturales renovables en la sierra del Perú /
_cJuan Torres Guevara.
264 1 _aLima :
_bComisión de Coordinación de Tecnología Andina CCTA,
_c1994.
300 _a266 páginas ;
_c21 cm.
336 _atext
_2rdacontent
337 _aunmediated
_2rdamedia
338 _avolume
_2rdacarrier
490 0 _aRecopilación y análisis de bibliografía temática ;
_v5
505 0 _aUna reseña sobre los recursos naturales y su conservación en el Perú. Breve revisión de conceptos. El ámbito geográfico: la sierra. Los recursos naturales en la sierra: lo que todos sabemos. Algunas apreciaciones sobre la investigación de la conservación y uso de los recursos naturales en la sierra. Bibliografía reopilada.
526 _aSEG44
526 _aSEG26
526 _aP151
526 _aP150
526 _aP149
526 _aP146
526 _aP145
526 _aP126
526 _aP125
526 _aP92
526 _aP75
526 _aP74
526 _aP27
526 _aP15
650 0 4 _aRecursos Naturales
_zPerú
_vBibliografías.
700 1 _aVelásquez Milla, Dora,
_eautor.
942 _2ddc
_cBOOK
949 _a016.630 985 R71 5
_wDEWEY
_c1
_i50468
_lCCODEBUL1
_mBUL
_p00.00
_r0
_sY
_tBOOK
_u2015-06-24
_xINGENIERIA
_zUNKNOWN
_0COMPRA
_o.STAFF. Colección General
596 _a1
999 _a016.630 985 R71 5
_wDEWEY
_c32288
_i50468
_f2021-11-4
_g6
_lCCODEBUL1
_mBUL
_p10.00
_r0
_sY
_tBOOK
_u2015-6-24
_xBIBLIOTECA
_zUNKNOWN
_0COMPRA
_o.STAFF. Colección General
_d32288
980 _81
_gALBERTO SANCHEZ Responsable de Automatización